Sorry.... please come back / (Record no. 81757)

MARC details
000 -LEADER
fixed length control field 00497nam a22001817a 4500
005 - DATE AND TIME OF LATEST TRANSACTION
control field 20140110170117.0
010 ## - LCCN (DPL NO)
LC control number ENG-109054
020 ## - INTERNATIONAL STANDARD BOOK NUMBER
International Standard Book Number 9788189331283
Terms of availability 99.00
035 ## - SYSTEM CONTROL NUMBER
System control number EN-92587
037 ## - SOURCE OF ACQUISITION
Source of stock number/acquisition DBAD/PUB
082 ## - DEWEY DECIMAL CLASSIFICATION NUMBER
Classification number S
100 ## - MAIN ENTRY--PERSONAL NAME
Personal name Mittal, Princy
245 ## - TITLE STATEMENT
Title Sorry.... please come back /
Statement of responsibility, etc by Princy Mittal
260 ## - PUBLICATION, DISTRIBUTION, ETC. (IMPRINT)
Place of publication, distribution, etc Chandigarh
Name of publisher, distributor, etc Enkay Enterprises
Date of publication, distribution, etc 2013
270 ## - ADDRESS
Address SCO 49-51, Basement, Sector 17C
City Chandigarh
Postal code 160017
300 ## - PHYSICAL DESCRIPTION
Extent 80p.
Dimensions 22cm(pbk)
942 ## - ADDED ENTRY ELEMENTS (KOHA)
Source of classification or shelving scheme Dewey Decimal Classification
Item type English Books
Call number suffix MIT
Classification part S
Holdings
Withdrawn status Lost status Not for loan Collection code Home library Current library Date acquired Source of acquisition Cost, normal purchase price Full call number Barcode Copy number Cost, replacement price Koha item type
    Not For Loan Fiction D.B.Act.Division D.B.Act.Division 09/01/2014 DBAD/PUB 99.00 S MIT EN-92587 1 99.00 English Books

© Delhi Public Library
Hit Counter
free hit counter